Platové triedy - zaraďovanie zamestnancov

Peňažné plnenie poskytované zamestnancom za prácu. Zaradenie zamestnanca a vedúceho zamestnanca do platovej triedy. Funkčný plat a tarifný plat.

Saved in:
Bibliographic Details
Main Author: Mrukviová Tomiová, Sandra
Format: Book Chapter
Language:Slovak
Subjects:
Tags: Add Tag
No Tags, Be the first to tag this record!

MARC

LEADER 00000naa a2200000 4500
001 0280867
005 20240417075150.1
041 0 |a slo 
044 |a SK 
245 1 0 |a Platové triedy - zaraďovanie zamestnancov  |c Sandra Mrukviová Tomiová 
520 |a Peňažné plnenie poskytované zamestnancom za prácu. Zaradenie zamestnanca a vedúceho zamestnanca do platovej triedy. Funkčný plat a tarifný plat. 
610 2 0 |a platy 
610 2 0 |a mzdy 
610 2 0 |a zamestnanci 
610 2 0 |a tarify mzdové 
610 2 0 |a odmeny 
610 2 0 |a právo pracovné 
610 2 0 |a legislatíva 
100 1 |a Mrukviová Tomiová, Sandra